000 00486nam a2200181Ia 4500
001 50739
008 140502s9999 xx 000 0 und d
020 _a9781591391111
040 _cPK-LaUMT
082 _a 658.4052
_bHAR-N
110 _aHarvard Business Review
245 _aHarvard Business essentials : negotiation
_cHarvard Business Review
260 _aBoston,USA:
_bHarvard Business School,
_c2003
300 _a169 p.
546 _aEN
650 _aNegotiation
942 _cBK
999 _c48348
_d48348